Visualizzazione normale
Vista MARC
- DRAMMA - FANTASY
di Topical Term
Records bibliografici associati: 1
001 - CONTROL NUMBER
- control field: 43311
003 - CONTROL NUMBER IDENTIFIER
- control field: IT-RoPau
005 - DATE AND TIME OF LATEST TRANSACTION
- control field: 20151127103535.0
008 - FIXED-LENGTH DATA ELEMENTS
- fixed length control field: 151127|| aca||aabn | a|a d
040 ## - CATALOGING SOURCE
- Original cataloging agency: IT-RoPau
- Transcribing agency: IT-RoPau
150 ## - HEADING--TOPICAL TERM
- Topical term or geographic name entry element: DRAMMA - FANTASY
- : DVD-FILM [DVD]
- General subdivision: Codice MATERIA SPICS: 9947
670 ## - SOURCE DATA FOUND
- Source citation: Work cat.: (IT-RoPau)105777: Wenders Wim Codice regista SPICS: 499 43309, CIELO SOPRA BERLINO (IL) CIELO SOPRA BERLINO (IL) (Rif. Codice opera principale : H5933)